000 00339nam a22001337a 4500
999 _c7859
_d7859
003 OSt
005 20200527112459.0
008 200527b ||||| |||| 00| 0 eng d
020 _a9789350742709
082 _a338.954
245 _aDevelopment issues in Hyderabad Karnataka
260 _aNew Delhi
_bAbhijeet Publications
_c2017
942 _2ddc